|
|
|
|
| LEADER |
01870nam a2200493 i 4500 |
| 001 |
nkc20162840950 |
| 003 |
CZ PrNK |
| 005 |
20170727142835.0 |
| 007 |
ta |
| 008 |
161014s2016 xr h e c 000 0 cze |
| 015 |
|
|
|a cnb002840950
|
| 020 |
|
|
|a 978-80-7415-128-6
|q (vázáno)
|
| 035 |
|
|
|a (OCoLC)1000500384
|
| 040 |
|
|
|a BOA001
|b cze
|d ABA001
|e rda
|
| 043 |
|
|
|a e-xr---
|
| 045 |
|
|
|a w-x-
|
| 072 |
|
7 |
|a 659
|x Reklama. Public relations. Média
|2 Konspekt
|9 4
|
| 080 |
|
|
|a 655.3.066.252
|2 MRF
|
| 080 |
|
|
|a 659.136.1:676.811
|2 MRF
|
| 080 |
|
|
|a 659.136.1:656.835.1
|2 MRF
|
| 080 |
|
|
|a (437.3)
|2 MRF
|
| 080 |
|
|
|a (083.824)
|2 MRF
|
| 100 |
1 |
|
|a Šmidrkal, Pavel,
|d 1953-
|7 xx0062452
|4 aut
|4 edt
|
| 245 |
1 |
0 |
|a Zálepky, pečetky, jiné známky /
|c uspořádal a napsal: Pavel Šmidrkal
|
| 264 |
|
1 |
|a Pelhřimov :
|b Nová tiskárna Pelhřimov,
|c 2016
|
| 300 |
|
|
|a 63 stran :
|b barevná faksimile ;
|c 13 x 18 cm
|
| 336 |
|
|
|a text
|b txt
|2 rdacontent
|
| 336 |
|
|
|a statický obraz
|b sti
|2 rdacontent
|
| 337 |
|
|
|a bez média
|b n
|2 rdamedia
|
| 338 |
|
|
|a svazek
|b nc
|2 rdacarrier
|
| 648 |
|
7 |
|a 19.-20. století
|7 ch757015
|2 czenas
|
| 650 |
0 |
7 |
|a etikety
|7 ph351302
|z Česko
|y 19.-20. století
|2 czenas
|
| 650 |
0 |
7 |
|a reklamní nálepky
|7 ph241148
|z Česko
|y 19.-20. století
|2 czenas
|
| 650 |
0 |
7 |
|a reklamní poštovní nálepky
|7 ph241149
|z Česko
|y 19.-20. století
|2 czenas
|
| 650 |
0 |
9 |
|a labels
|z Czechia
|y 19th-20th centuries
|2 eczenas
|
| 650 |
0 |
9 |
|a advertising stickers
|z Czechia
|y 19th-20th centuries
|2 eczenas
|
| 650 |
0 |
9 |
|a advertising poster stamps
|z Czechia
|y 19th-20th centuries
|2 eczenas
|
| 655 |
|
7 |
|a katalogy výstav
|7 fd132536
|2 czenas
|
| 655 |
|
9 |
|a exhibition catalogs
|2 eczenas
|
| 910 |
2 |
|
|a BOA001
|b 1-1389.498
|
| 990 |
|
|
|a BK
|
| 995 |
|
|
|a 01
|
| 991 |
|
|
|b 201707
|c NOV
|
| 996 |
6 |
|
|b 2610712699
|c 1-1389.498
|l MZK
|r Sklad / do 1 hodiny
|n 0
|p p.v.
|w 001618495
|u 000010
|a 1
|e BOA001
|j MZK50
|s P
|